[Event "Harburg-chI 5th"]
[Site "Hamburg"]
[Date "2007.07.08"]
[Round "5"]
[White "Kalauch, Lucas"]
[Black "Rosenkranz, Kristin"]
[Result "0-1"]
[WhiteElo "1071"]
[BlackElo "1271"]
[PlyCount "48"]
[EventDate "2007.07.06"]
[EventType "swiss"]
[EventRounds "5"]
[EventCountry "GER"]
[SourceTitle "EXT 2008"]
[Source "ChessBase"]
[SourceDate "2007.11.25"]
[SourceVersion "1"]
[SourceVersionDate "2007.11.25"]
[SourceQuality "1"]

1. d4 d5 2. Nf3 e6 3. e3 c5 4. c3 Nf6 5. Bd3 Nc6 6. 0-0 g6 7. Nbd2 cxd4 8. cxd4 Bg7 9. b3 0-0 10. Bb2 Bd7 11. e4 dxe4 12. Nxe4 b6 13. Nxf6+ Bxf6 14. Bc4 Ne7 15. Rb1 Nd5 16. Re1 Bc6 17. Rc1 b5 18. Bd3 Rc8 19. a3 Qb6 20. Be4 Rc7 21. Re2 Rfc8 22. Rec2 Nc3 23. Bxc3 Bxe4 24. Qd2 Bxc2 0-1